ბათუმის შოთა რუსთაველის სახელმწიფო უნივერსიტეტის ბიბლიოთეკა

პერსონალის მართვა : (ბიბ.ჩანაწერი № 61566)

000 -ლიდერი
ფიქსირებული სიგრძის საკონტროლო ველი 01173nam a22002297a 4500
003 - საკონტროლო ნომრის იდენტიფიკატორი
საკონტროლო ველი Ge_BSU
005 - ბოლო ოპერაციის თარიღი და დრო
საკონტროლო ველი 20240325160831.0
008 - ფიქსირებული სიგრძის მონაცემთა ელემენტები - ზოგადი ინფორმაცია
ფიქსირებული სიგრძის საკონტროლო ველი 240325s2021 ge ||||| |||| 00| 0 geo d
020 ## - წიგნის საერთაშორისო სტანდარტული ნომერი
International Standard Book Number 9789941973246
041 ## - ენის კოდი
Language code of text/sound track or separate title geo
080 ## - უნივერსალური ათობითი კლასიფიკაციის ინდექსი
Universal Decimal Classification number 005.95/96(075.8) კ-57
100 ## - მთავარი ჩანაწერი - პიროვნების სახელი
Personal name კიწმარიშვილი, ქეთევან, ავტორი.
9 (RLIN) 21575
245 ## - ცნობა სათაურის შესახებ
Title პერსონალის მართვა :
Remainder of title (პრაქტიკული) /
Statement of responsibility, etc ქეთევან კიწმარიშვილი ; რედ. გოდერძი ტყეშელაშვილი
264 ## - წარმოების, გამოცემის, დისტრიბუციის და სხვა ცნობები
გამოცემის, წარმოების, დისტრიბუციის... ადგილი თბილისი :
გამოცემის, წარმოების, დისტრიბუციის... სახელწოდება სამართლიანი საქართველო,
გამოცემის, წარმოების, დისტრიბუციის... თარიღი 2021.
300 ## - ფიზიკური აღწერა
Extent 232 გვ. :
Other physical details ცხრ. ;
Dimensions 21 სმ.
504 ## - BIBLIOGRAPHY, ETC. NOTE
Bibliography, etc ბიბლიოგრაფია: გვ. 229-231.
653 ## - INDEX TERM--UNCONTROLLED
Uncontrolled term პერსონალის მართვა
653 ## - INDEX TERM--UNCONTROLLED
Uncontrolled term ადამიანური რესურსების მართვა
700 ## - ADDED ENTRY--PERSONAL NAME
Personal name ტყეშელაშვილი, გოდერძი
Relator term რედაქტორი
9 (RLIN) 7734
773 ## - HOST ITEM ENTRY
Title ნაჩუქარი
942 ## - ADDED ENTRY ELEMENTS (KOHA)
Source of classification or shelving scheme
Koha item type წიგნი
ეგზემპლარები
ჩამოწერის სტატუსი დაკარგული ეგზემპლარის სტატუსი კლასიფიკაციის წყარო ან თაროზე გაწყობის სქემა დაზიანების სტატუსი არ გაიცემა მუდმივი მდებარეობა (დაცვის ადგილი) ამჟამინდელი ადგილსამყოფელი თაროზე განთავსების ადგილი შეძენის თარიღი ღირებულება, შესყიდვის ნორმალური ფასი სრული შენახვის შიფრი შტრიხკოდი ბოლო ოპერაციის თარიღი ეგზემპლარის მიმდევრობითი ნომერი (კეტერი?) ფასის ძალაში შესვლის თარიღი ეგზემპლარის სახეობა საჯარო შენიშვნა
          ბათუმის შოთა რუსთაველის სახელმწიფო უნივერსიტეტის მთავარი ბიბლიოთეკა ბათუმის შოთა რუსთაველის სახელმწიფო უნივერსიტეტის მთავარი ბიბლიოთეკა წიგნსაცავი 2024-03-25 10.00 005.95/96(075.8) კ-57 67715 2024-03-25 67715 2024-03-25 წიგნი 10.00